000 01066cam a2200253 4500
008 020719n2003 000 0 eng u
020 _a1853288802
035 _a(Sirsi) u118905
041 _aeng
050 _a336.22
_c18
100 _aNock, Reg
245 _aUnderstanding stamp duty on property
250 _a7th ed.
260 _aLondon
_bLaw Society
_c2003
300 _axxiii, 312p
_c24cm.
350 _a39.95
520 _aComprehensive guide to stamp duty, concentrating on land and property transactions and the needs of advisers. Explains the likely impact of the new modernised stamp duty regime and outlines the anticipated new provisions. Also provides examples from everyday practice, drafting and structuring techniques, reference materials from the Inland Revenue and suggestions of how to avoid common pitfalls. Includes tables of cases, statutes and statutory instruments.
650 _aSTAMP DUTY
650 _aCONVEYANCING
650 _aPROPERTY TRANSACTIONS
650 _aLAND TRANSACTIONS
690 _aTAXATION
942 _n0
999 _c102191
_d102191